00547nam a22001697a 45000050016000000100014000160200027000300350013000570370013000700820011000831000018000942450060001122600045001722700083002173000027003005000050003272010072205365.0 aENG-96688 a9789380388014c1095.00 aEN-80221 bDBAD/PUB a909.08 aBakshi, S.R. aA concise history of the modern world /cby S.R. Bakshi aNew DelhibD.P.S. Publishing Housec2010 bNew Delhie110002aRoom No.213, 7/28, Mahavir street, Ansari Road, Darya Ganj, avi, 353 p.c23 cm (Hb) aincludes bibliographical references and index